Olympics medal table - Melbourne 1956 - Statistics

General Stats
  • This quiz has been taken 17 times
  • The average score is 9 of 10
Answer Stats
Gold Silver Bronze Total Nation % Correct
6 7 11 24 Great Britain
100%
32 25 17 74 United States
100%
13 8 14 35 Australia
94%
8 8 9 25 Italy
94%
6 13 7 26 United Team of Germany
94%
4 10 5 19 Japan
88%
37 29 32 98 Soviet Union
88%
8 5 6 19 Sweden
82%
3 1 11 15 Finland
65%
9 10 7 26 Hungary
53%
No matching quizzes found
Score Distribution
Percent of People with Each Score
Percentile by Number Answered
Your Score History
You have not taken this quiz